000 00587nam a22001817a 4500
999 _c14368
_d14368
003 AR-CdUCM
008 190423b ||||| |||| 00| 0 spa d
040 _aMUNICIPALIDAD PROVINCIAL DEL CUSCO
_cBIBLIOTECA MUNICIPAL DEL CUSCO
082 _aPI / 398 /
_bR77
100 _aRojas Román, Felicitas Victoria
_933112
245 _aSatuka pasñamanta /
260 _aApurimac :
_bKinkos impresores,
_c2009.
300 _a16 páginas ;
_bIlustraciones,
_c21 cm.
650 _aLiteratura infantil
_9588
650 _aCuentos infantiles
_93927
942 _2ddc
_cLIBROS
945 _aacv
_d2019-04-23